GRAPHENE-BASED COATING : (Record no. 187958)

MARC details
000 -LEADER
fixed length control field 01269pam a2200385 i 4500
001 - CONTROL NUMBER
control field vtls000943173
003 - CONTROL NUMBER IDENTIFIER
control field PNM
005 - DATE AND TIME OF LATEST TRANSACTION
control field 20220616145551.0
008 - FIXED-LENGTH DATA ELEMENTS--GENERAL INFORMATION
fixed length control field 211206t20212021my da g a000 0 eng
015 ## - NATIONAL BIBLIOGRAPHY NUMBER
National bibliography number M221-01348
020 ## - INTERNATIONAL STANDARD BOOK NUMBER
International Standard Book Number 9789672831174
Qualifying information paperback
Terms of availability RM27.00
039 #9 - LEVEL OF BIBLIOGRAPHIC CONTROL AND CODING DETAIL [OBSOLETE]
Level of rules in bibliographic description 202204221013
Level of effort used to assign nonsubject heading access points miza_h
Level of effort used to assign subject headings 202203211158
Level of effort used to assign classification hafizah
040 ## - CATALOGING SOURCE
Original cataloging agency BNM
Language of cataloging eng
Transcribing agency BNM
Description conventions rda
Modifying agency PPAK
049 ## - LOCAL HOLDINGS (OCLC)
Holding library mal
082 04 - DEWEY DECIMAL CLASSIFICATION NUMBER
Classification number 667.9
Edition number 23
090 00 - LOCALLY ASSIGNED LC-TYPE CALL NUMBER (OCLC); LOCAL CALL NUMBER (RLIN)
Classification number (OCLC) (R) ; Classification number, CALL (RLIN) (NR) 667.9
Feature heading SIT
Feature heading G
100 0# - MAIN ENTRY--PERSONAL NAME
Personal name Siti Maznah Kabeb,
Titles and words associated with a name Dr.,
Dates associated with a name 1980-
Relator term author.
245 10 - TITLE STATEMENT
Title GRAPHENE-BASED COATING :
Remainder of title EFFECTIVE WAYS OF PREVENTING CORROSION /
Statement of responsibility, etc. SITI MAZNAH KABEB, AZMAN HASSAN, ZURINA MOHAMAD
264 #1 - PRODUCTION, PUBLICATION, DISTRIBUTION, MANUFACTURE, AND COPYRIGHT NOTICE
Place of production, publication, distribution, manufacture Kuantan, Pahang :
Name of producer, publisher, distributor, manufacturer Universiti Malaysia Pahang,
Date of production, publication, distribution, manufacture, or copyright notice 2021
Date of production, publication, distribution, manufacture, or copyright notice ©2021
300 ## - PHYSICAL DESCRIPTION
Extent xv, 63 pages :
Other physical details charts, illustrations ;
Dimensions 23 cm
336 ## - CONTENT TYPE
Content type term text
Source rdacontent
337 ## - MEDIA TYPE
Media type term unmediated
Source rdamedia
338 ## - CARRIER TYPE
Carrier type term volume
Source rdacarrier
500 ## - GENERAL NOTE
General note Includes index
504 ## - BIBLIOGRAPHY, ETC. NOTE
Bibliography, etc. note Bibliography: pages 49-59
650 10 - SUBJECT ADDED ENTRY--TOPICAL TERM
Topical term or geographic name entry element Coatings
Topical term or geographic name entry element Epoxy coatings
Topical term or geographic name entry element Graphene
Topical term or geographic name entry element Corrosion and anti-corrosives
Topical term or geographic name entry element Government publications
Geographic subdivision Malaysia
700 0# - ADDED ENTRY--PERSONAL NAME
Personal name Azman Hassan,
Titles and other words associated with a name Prof. Dr.,
Relator term author.
Personal name Zurina Mohamad,
Titles and other words associated with a name Prof. Madya, Dr.,
Relator term author.
942 ## - ADDED ENTRY ELEMENTS (KOHA)
Source of classification or shelving scheme Dewey Decimal Classification
Koha item type Book
Holdings
Withdrawn Not for loan Current library Shelving location Date acquired Full call number Barcode Date last seen Koha item type
    Perpustakaan Alor Setar Pinjaman Dewasa 04/07/2022 667.9 SIT A01734189 04/07/2022 Book
    Perpustakaan Awam Sungai Petani Pinjaman Dewasa 04/07/2022 667.9 SIT A01734190 04/07/2022 Book
    Perpustakaan Kulim Pinjaman Dewasa 04/07/2022 667.9 SIT A01734192 04/07/2022 Book
    Perpustakaan Langkawi Pinjaman Dewasa 04/07/2022 667.9 SIT A01734191 04/07/2022 Book